[Event "Catalunya-chT GpB final"]
[Site "Barcelona"]
[Date "2018.04.14"]
[Round "4.2"]
[White "Cervello Tost, Ferran"]
[Black "Canal Oliveras, Joan"]
[Result "0-1"]
[WhiteElo "2304"]
[BlackElo "2177"]
[PlyCount "112"]
[EventDate "2018.03.10"]
[EventType "team-tourn"]
[EventRounds "4"]
[EventCountry "ESP"]
[SourceTitle "EXT 2019"]
[Source "ChessBase"]
[SourceDate "2018.10.10"]
[SourceVersion "1"]
[SourceVersionDate "2018.10.10"]
[SourceQuality "1"]
[WhiteTeam "Peona I Peo"]
[BlackTeam "Catalunya"]
[WhiteTeamCountry "ESP"]
[BlackTeamCountry "ESP"]

1. d4 f5 2. e4 fxe4 3. Nc3 Nf6 4. Bg5 Nc6 5. f3 d5 6. Bb5 Bf5 7. Bxf6 exf6 8. fxe4 dxe4 9. d5 a6 10. Ba4 b5 11. Nxb5 axb5 12. Bxb5 Rb8 13. Bxc6+ Bd7 14. Qg4 Rxb2 15. Ne2 Bb4+ 16. c3 Bxc6 17. Qe6+ Be7 18. Qxc6+ Qd7 19. Qc4 Qg4 20. g3 Bc5 21. Rf1 Bd6 22. h3 Bxg3+ 23. Kd1 Qh5 24. Qxe4+ Kd8 25. Rf3 Bd6 26. Nd4 Re8 27. Qf5 Qxf5 28. Rxf5 Rh2 29. Rb1 Kd7 30. Ne6 Rxa2 31. c4 Rg2 32. c5 Be5 33. c6+ Kd6 34. Nxc7 Kxc7 35. Rb7+ Kd6 36. Rd7+ Kc5 37. c7 Ra8 38. c8Q+ Rxc8 39. Ke1 Kd4 40. Kf1 Ra2 41. Rf2 Rxf2+ 42. Kxf2 Ke4 43. Rxg7 Rc2+ 44. Ke1 Kxd5 45. Rxh7 Rh2 46. h4 f5 47. h5 f4 48. Kf1 Ke4 49. Re7 Rxh5 50. Kg2 f3+ 51. Kf2 Rh2+ 52. Kf1 Kf4 53. Kg1 Ra2 54. Re8 Ra1+ 55. Kh2 Ke4+ 56. Kh3 Rh1+ 0-1

[Event "Catalunya-chT Gp1"]
[Site "Barcelona"]
[Date "2018.02.24"]
[Round "6.1"]
[White "Cervello Tost, Ferran"]
[Black "Vasquez Schroder, Rodrigo Rafael"]
[Result "1/2-1/2"]
[WhiteElo "2304"]
[BlackElo "2554"]
[PlyCount "45"]
[EventDate "2018.01.20"]
[EventType "team-tourn"]
[EventRounds "7"]
[EventCountry "ESP"]
[SourceTitle "EXT 2019"]
[Source "ChessBase"]
[SourceDate "2018.10.10"]
[SourceVersion "1"]
[SourceVersionDate "2018.10.10"]
[SourceQuality "1"]
[WhiteTeam "Peona I Peo"]
[BlackTeam "Colon Sabadell"]
[WhiteTeamCountry "ESP"]
[BlackTeamCountry "ESP"]

1. d4 Nf6 2. Nf3 g6 3. g3 Bg7 4. Bg2 d5 5. 0-0 0-0 6. c4 dxc4 7. Na3 c3 8. bxc3 c5 9. Nc2 Nc6 10. Ba3 cxd4 11. Nfxd4 Ne5 12. Rb1 Nd5 13. Bxd5 Qxd5 14. Ne3 Qd8 15. Qb3 Nc6 16. Nxc6 bxc6 17. Qc4 Be6 18. Qxc6 Rc8 19. Qa6 Rxc3 20. Qxa7 Qa8 21. Qxa8 Rxa8 22. Bb4 Rc7 23. a3 1/2-1/2